Complete These Band Names - Statistics

General Stats
  • This quiz has been taken 219 times
  • The average score is 7 of 15
Answer Stats
Hint Answer % Correct
Creedence Clearwater Revival
96%
Huey Lewis and the News
87%
Bob Marley and the Wailers
82%
Echo and the Bunnymen
68%
Strawberry Alarm Clock
49%
Prince and the New Power Generation
47%
Smokey Robinson and the Miracles
45%
Ian Dury and the Blockheads
39%
Stiff Little Fingers
39%
Bonzo Dog Doo-dah Band
36%
Van der Graaf Generator
27%
Toots and the Maytals
24%
Doug E. Fresh and the Get Fresh Crew
22%
13th Floor Elevators
17%
Sir Douglas Quintet
11%
No matching quizzes found
Score Distribution
Percent of People with Each Score
Percentile by Number Answered
Your Score History
You have not taken this quiz